000 00817nam a2200241Ia 4500
003 0
005 20250129094000.0
008 190909s9999 xx 000 0 und d
050 _aPGS HQ 503
_b.J95 2017
100 _aJundez, Jorik Miguel S.
245 _aFamily meal time on family relationships and socio-emotional skills /
_cJorik Miguel S. Jundez.
260 _aLas PiƱas City, Philippines :
_bSouthville International School and Colleges,
_c2017.
300 _a64 p. :
_bill. ;
_c28 cm.
504 _aIncludes bibliographical references.
650 _aFamily meals.
650 _aFamily relationships.
650 _aSocio-emotional skills.
650 _aChild development.
650 _aParent-child relationships.
650 _aFamily life.
650 _aGrade school students.
942 _2lcc
_cPASS
999 _c362093
_d362093